John Huss: (Record no. 13689)

000 -LEADER
fixed length control field 00598nam a2200193 a 4500
001 - CONTROL NUMBER
control field :::00011512$&:&@@
003 - CONTROL NUMBER IDENTIFIER
control field OkBaRHE
005 - DATE AND TIME OF LATEST TRANSACTION
control field 20110302155133.0
008 - FIXED-LENGTH DATA ELEMENTS--GENERAL INFORMATION
fixed length control field s1907 j 000 0 eng u
040 ## - CATALOGING SOURCE
Transcribing agency
100 1# - MAIN ENTRY--PERSONAL NAME
Personal name Kuhns, Oscar.
245 10 - TITLE STATEMENT
Title John Huss:
Remainder of title the witness.
260 ## - PUBLICATION, DISTRIBUTION, ETC. (IMPRINT)
Place of publication, distribution, etc Cincinnati, OH., :
Name of publisher, distributor, etc Jennings and Graham
Date of publication, distribution, etc c1907
300 ## - PHYSICAL DESCRIPTION
Extent 174 p. ;
Dimensions 19 cm.
650 ## - SUBJECT ADDED ENTRY--TOPICAL TERM
Topical term or geographic name as entry element Hus, Jan, 1369-1415
650 ## - SUBJECT ADDED ENTRY--TOPICAL TERM
Topical term or geographic name as entry element Huss, John, 1369-1415
942 ## - ADDED ENTRY ELEMENTS (KOHA)
Source of classification or shelving scheme
Koha item type Books
Copies
Total Checkouts Withdrawn status Barcode Damaged status Not for loan Current Location Source of classification or shelving scheme Lost status Full call number Date acquired Permanent Location Date checked out Koha item type Copy number Shelving location Date last seen Price effective from
2 11512  RHEMA Bible Training College  BX 4917 .K82010-04-14RHEMA Bible Training College2016-01-06Books1General Stacks2016-01-222010-04-14